Law for social workers / (Record no. 9682)

MARC details
000 -LEADER
fixed length control field 01031nam a22001937a 4500
005 - DATE AND TIME OF LATEST TRANSACTION
control field 20230614135926.0
008 - FIXED-LENGTH DATA ELEMENTS--GENERAL INFORMATION
fixed length control field 230614b ||||| |||| 00| 0 eng d
020 ## - INTERNATIONAL STANDARD BOOK NUMBER
International Standard Book Number 9780199696406
050 ## - LIBRARY OF CONGRESS CALL NUMBER
Classification number KD3302.B73(12e)
100 ## - MAIN ENTRY--PERSONAL NAME
9 (RLIN) Brayne, Hugh.
245 ## - TITLE STATEMENT
Title Law for social workers /
Statement of responsibility, etc. Hugh Brayne and Helen Carr.
250 ## - EDITION STATEMENT
Edition statement 12th Ed.
260 ## - PUBLICATION, DISTRIBUTION, ETC.
Place of publication, distribution, etc. Oxford:
Name of publisher, distributor, etc. Oxford University Press,
Date of publication, distribution, etc. 2013.
300 ## - PHYSICAL DESCRIPTION
Extent xlviii, 562p.:
Dimensions 26 cm.
500 ## - GENERAL NOTE
General note Includes index
505 ## - FORMATTED CONTENTS NOTE
Formatted contents note Contents: The legal system in England and Wales -- The roles and responsibilities of the social worker -- Human rights -- Information sharing -- The principles of children's law -- Local authority support for children and families -- Investigation and case planning -- Applying to court -- Long-term planning for children -- Youth justice -- Adult social care -- The legal framework of adult social care -- Managing adult social care -- Mental capacity and adult safeguarding -- Mental health and the law.
700 ## - ADDED ENTRY--PERSONAL NAME
Personal name Carr, Helen.
9 (RLIN) 1634
942 ## - ADDED ENTRY ELEMENTS (KOHA)
Source of classification or shelving scheme Library of Congress Classification
Koha item type Books
Holdings
Withdrawn status Lost status Source of classification or shelving scheme Damaged status Not for loan Home library Current library Shelving location Date acquired Full call number Barcode Date last seen Copy number Price effective from Koha item type
    Library of Congress Classification     WISCONSIN INTERNATIONAL UNIVERSITY COLLEGE, GHANA - MAIN LIBRARY WISCONSIN INTERNATIONAL UNIVERSITY COLLEGE, GHANA - MAIN LIBRARY Law Library 14/06/2023 KD3302.B73 2912/081/23 14/06/2023 1 14/06/2023 Books
    Library of Congress Classification     WISCONSIN INTERNATIONAL UNIVERSITY COLLEGE, GHANA - MAIN LIBRARY WISCONSIN INTERNATIONAL UNIVERSITY COLLEGE, GHANA - MAIN LIBRARY Law Library 14/06/2023 KD3302.B731 2913/082/23 14/06/2023 2 14/06/2023 Books
    Library of Congress Classification     WISCONSIN INTERNATIONAL UNIVERSITY COLLEGE, GHANA - MAIN LIBRARY WISCONSIN INTERNATIONAL UNIVERSITY COLLEGE, GHANA - MAIN LIBRARY Law Library 14/06/2023 KD3302.B732 2914/083/23 14/06/2023 3 14/06/2023 Books
    Library of Congress Classification     WISCONSIN INTERNATIONAL UNIVERSITY COLLEGE, GHANA - MAIN LIBRARY WISCONSIN INTERNATIONAL UNIVERSITY COLLEGE, GHANA KUMASI LIBRARY Law Library 05/06/2023 KD3302.B73(12e) KSL/2192/395/23 26/06/2023 1 14/06/2023 Books
    Library of Congress Classification     WISCONSIN INTERNATIONAL UNIVERSITY COLLEGE, GHANA - MAIN LIBRARY WISCONSIN INTERNATIONAL UNIVERSITY COLLEGE, GHANA KUMASI LIBRARY Law Library 05/06/2023 KD3302.B731(12e) KSL/2193/396/23 26/06/2023 2 14/06/2023 Books
    Library of Congress Classification     WISCONSIN INTERNATIONAL UNIVERSITY COLLEGE, GHANA - MAIN LIBRARY WISCONSIN INTERNATIONAL UNIVERSITY COLLEGE, GHANA KUMASI LIBRARY Law Library 05/06/2023 KD3302.B732(12e) KSL/2255/458/23 26/06/2023 3 14/06/2023 Books

If you have any concerns or questions; kindly contact the library


© Powered by WIUC ICT DIRECTORATE